|
|
|
|
| LEADER |
00000nab a2200000 a 4500 |
| 001 |
vtls011111000 |
| 003 |
SK-MaSNL |
| 005 |
20260303150429.0 |
| 008 |
230222|2008 xo |||||||||||||||||slo| |
| 015 |
|
|
|a SNBRB
|
| 035 |
|
|
|a (uuid)55c786a0-1002-432c-a319-e73c09e2f093
|
| 035 |
|
|
|a (urnnbn)urn:nbn:sk:snk:ar-a08f21
|
| 035 |
|
|
|a urn:nbn:sk:snk-ab9hp6
|
| 040 |
|
|
|a SNKBUCL
|b slo
|c SNKBUCL
|e AACR2
|
| 041 |
0 |
|
|a slo
|
| 044 |
|
|
|a xo
|c SK
|
| 100 |
1 |
|
|a Paulová, Iveta
|4 aut
|9 41808
|
| 245 |
1 |
0 |
|a MOŽNOSTI UPLATŇOVANIA SPOLOČENSKEJ ZODPOVEDNOSTI V KOMPLEXNOM MANAŽÉRSTVE KVALITY
|c Iveta Paulová
|
| 246 |
3 |
|
|a POSSIBILITIES OF APPLYING SOCIAL RESPONSIBILITY IN TOTAL QUALITY MANAGEMENT
|
| 773 |
0 |
|
|t Vedecké práce Materiálovotechnologickej fakulty Slovenskej technickej univerzity v Bratislave so sídlom v Trnave
|g Č. 24 (2008), s. 125-130
|
| 954 |
|
|
|a odborná, vedecká literatúra pôvodná (slovenská)
|2 lita
|
| 958 |
|
|
|a OND
|
| 958 |
|
|
|a EUIPO
|
| 958 |
|
|
|a article13
|
| 999 |
|
|
|c 2010567
|d 2012497
|